| 000 | 01055 a2200289 4500 | ||
|---|---|---|---|
| 003 | OSt | ||
| 005 | 20210610134029.0 | ||
| 008 | 210610b2006 sp ad||| t||| 00| 0 spa d | ||
| 020 | _a9788446024330 | ||
| 020 | _a8446024330 | ||
| 040 |
_aCO-JMCR _cCO-JMCR |
||
| 041 | 0 | _aspa | |
| 082 | 0 | 4 |
_a305.420946 / _bV287e _223 |
| 100 | 1 |
_aVara, María Jesús. _eautora _938319 |
|
| 245 | 1 | 0 |
_aEstudios sobre género y economía / _cMaría Jesús Vara ; prologo de María Ángeles Durán |
| 260 |
_aMadrid, España : _bAkal, _c2006. |
||
| 300 |
_a254 páginas : _bilustraciones y gráficas en blanco y negro ; _c24 cm. |
||
| 490 |
_aEconomía Actual ; _v15 |
||
| 501 | _aCon: notas a pie de página. | ||
| 504 | _aBibliografía : páginas 250-252. | ||
| 505 | 0 | _aEstudios generales. -- Estudios sobre la situación española. | |
| 650 | 1 | 4 |
_aEconomía _xEstudios _938320 |
| 650 | 2 | 4 |
_aGénero _xEstudios económicos _938321 |
| 650 | 2 | 4 |
_aMicrofinanzas _xgéneros _938322 |
| 700 | 1 |
_aÁngeles Durán, María, _eprologuista _938323 |
|
| 942 |
_2ddc _cBK |
||
| 999 |
_c15555 _d15555 |
||